| 000 | 00732nam a2200229Ia 4500 | ||
|---|---|---|---|
| 999 |
_c53499 _d53499 |
||
| 003 | GCL | ||
| 005 | 20240530105135.0 | ||
| 008 | 140319s9999 xx 000 0 ara d | ||
| 040 |
_aGCL / _cGCL |
||
| 082 | 0 | 4 |
_a272.6 _bب ت |
| 100 | 1 | _aصموئيل حبيب | |
| 245 | 1 | 0 |
_aتفسير العهد الجديد : رسائل يوحنا ويهوذا / _cصموئيل حبيب |
| 260 |
_a[S.N] : _bدار الثقافة العربية ، _c1983 |
||
| 300 | _a335 ص | ||
| 490 |
_aتفسير العهد الجديد _v0 |
||
| 650 | 0 | 4 | _aالعهد الجديد |
| 650 | 0 | 4 | _aالانجيل |
| 700 | 1 | _aبطرس عبدالملك | |
| 700 | 1 | _aجاد المنفلوطى | |
| 700 | 1 | _aباركلى ،وليم | |
| 942 |
_2ddc _cBK |
||